000 00501cam a22001457a 4500
008 180718b1998 xxu||||| |||| 00| 0 eng d
082 _aAPPPA 97-98 BER/2
100 _aBeri, Sudhir K.
245 _aTraining in Indian ordnance factories organisation: status and strategies
_cby Sudhir K. Beri
260 _aNew Delhi
_bIndian Institute of Public Administration
_c1998
300 _a135p.
500 _aAn APPPA M.Phil. dissertation, 1997-98
650 _aAPPPA
650 _aIndia - Ordnance factories
999 _c485658
_d485658